000 00643nam a2200205Ii 4500
003 JO-AjNU
008 230605s9999||||xx |||||||||||||| ||und||
017 _a2014/8/3607
040 _aJO-AjNU
_bara
_erda
_cJO-AjNU
041 _aara
050 1 4 _aRJ101.M39 2014
100 3 _aمزاهرة، ايمن سليمان ,
_eauthor
_956780
245 0 0 _aالتربية الصحية للطفل
264 3 1 _aعمان:وزارة الثقافة، 2014
300 _a220ص
336 _atext
_btxt
_2rdacontent
337 _aunmediated
_bn
_2rdamedia
338 _avolume
_bnc
_2rdacarrier
650 4 _aالتربية الصحية للطفل
_956781
999 _aA25406
_c28974
_d28974